<?xml version="1.0" encoding="UTF-8"?><?xml-stylesheet type="text/xsl" href="static/style.xsl"?><OAI-PMH xmlns="http://www.openarchives.org/OAI/2.0/" xmlns:xsi="http://www.w3.org/2001/XMLSchema-instance" xsi:schemaLocation="http://www.openarchives.org/OAI/2.0/ http://www.openarchives.org/OAI/2.0/OAI-PMH.xsd"><responseDate>2026-04-17T23:31:23Z</responseDate><request verb="GetRecord" identifier="oai:www.recercat.cat:2072/428797" metadataPrefix="marc">https://recercat.cat/oai/request</request><GetRecord><record><header><identifier>oai:recercat.cat:2072/428797</identifier><datestamp>2025-04-27T03:04:46Z</datestamp><setSpec>com_2072_98</setSpec><setSpec>col_2072_378192</setSpec></header><metadata><record xmlns="http://www.loc.gov/MARC21/slim" xmlns:dcterms="http://purl.org/dc/terms/" xmlns:xsi="http://www.w3.org/2001/XMLSchema-instance" xmlns:doc="http://www.lyncode.com/xoai" xsi:schemaLocation="http://www.loc.gov/MARC21/slim http://www.loc.gov/standards/marcxml/schema/MARC21slim.xsd">
   <leader>00925njm 22002777a 4500</leader>
   <datafield ind2=" " ind1=" " tag="042">
      <subfield code="a">dc</subfield>
   </datafield>
   <datafield ind2=" " ind1=" " tag="720">
      <subfield code="a">Flores Mayorga, Marco-Tulio</subfield>
      <subfield code="e">author</subfield>
   </datafield>
   <datafield ind2=" " ind1=" " tag="720">
      <subfield code="a">Roca, David</subfield>
      <subfield code="e">author</subfield>
   </datafield>
   <datafield ind2=" " ind1=" " tag="260">
      <subfield code="c">2011</subfield>
   </datafield>
   <datafield ind2=" " ind1=" " tag="520">
      <subfield code="a">En el presente artículo se analiza la situación actual de los modelos educativos de las Relaciones Públicas de España y México. Además, se identifican las asignaturas de los planes de estudio diseñados para la didáctica de las RR. PP. Se utiliza una muestra exploratoria de las 11 universidades con mayor tradición en estudios de Relaciones Públicas y Comunicación en España y México. La metodología del estudio se basa en la técnica de análisis de contenido del currículo formativo de los planes de estudio del grado de RR. PP. Los resultados revelan que las Relaciones Públicas en las universidades españolas ganan presencia (20%), mientras que en México no es tan fuerte (14%) y se sitúan por detrás de los cursos de Mercadotecnia, Economía, Administración y Negocios. Dentro de las asignaturas interdisciplinarias, las ciencias sociales representan un 10% en las universidades españolas y un 14.8% en las mexicanas.</subfield>
   </datafield>
   <datafield ind2=" " ind1=" " tag="520">
      <subfield code="a">This research analyzes the current educational models of Public Relations in Spain and Mexico. It also identifies the subjects of the curriculum designed for the teaching of Public Relations. It uses an exploratory sample of 11 universities with long experience and tradition studies of public relations and communications in Spain and Mexico. The study methodology is based on the content analysis of the training curriculum of undergraduate public relations. The results reveal that public relations in Spanish universities acquire presence (20%). On the other hand, its presence in Mexico is not as strong (14%) and lag behind marketing, economics, business and administration. The interdisciplinary courses represent 80% in Spain and 86% in Mexico. Among these, the presence varies: the social sciences make up 10% in Spanish universities and 14.8% in Mexico, philosophy and literature are the presence of 2% and 0.4% respectively.</subfield>
   </datafield>
   <datafield tag="653" ind2=" " ind1=" ">
      <subfield code="a">Relaciones públicas</subfield>
   </datafield>
   <datafield tag="653" ind2=" " ind1=" ">
      <subfield code="a">Currículo formativo</subfield>
   </datafield>
   <datafield tag="653" ind2=" " ind1=" ">
      <subfield code="a">Interdisciplinar</subfield>
   </datafield>
   <datafield tag="653" ind2=" " ind1=" ">
      <subfield code="a">Espacio Europeo de Educación Superior</subfield>
   </datafield>
   <datafield tag="653" ind2=" " ind1=" ">
      <subfield code="a">México</subfield>
   </datafield>
   <datafield tag="653" ind2=" " ind1=" ">
      <subfield code="a">España</subfield>
   </datafield>
   <datafield ind2="0" ind1="0" tag="245">
      <subfield code="a">La enseñanza interdisciplinaria de las relaciones públicas en las universidades de España y México. Un estudio exploratorio</subfield>
   </datafield>
</record></metadata></record></GetRecord></OAI-PMH>